|
|
|
|
| LEADER |
03718nam a2200913 i 4500 |
| 001 |
nkc20182972109 |
| 003 |
CZ PrNK |
| 005 |
20260216081338.0 |
| 007 |
ta |
| 008 |
180130s2017 xr e 000 0dczeo |
| 015 |
|
|
|a cnb002972109
|
| 020 |
|
|
|a 978-80-7465-286-8
|q (brožováno)
|
| 035 |
|
|
|a (OCoLC)1031046302
|
| 040 |
|
|
|a ABA001
|b cze
|e rda
|
| 041 |
1 |
|
|a cze
|h rus
|
| 043 |
|
|
|a e-ru---
|
| 045 |
|
|
|a w9x9
|
| 072 |
|
7 |
|a 27-5
|x Liturgie. Křesťanské umění a symbolika. Duchovní život
|2 Konspekt
|9 5
|
| 080 |
|
|
|a 27-788-055.1
|2 MRF
|
| 080 |
|
|
|a 2-335
|2 MRF
|
| 080 |
|
|
|a 27-587-051
|2 MRF
|
| 080 |
|
|
|a 271.2-1/-9
|2 MRF
|
| 080 |
|
|
|a 27-587
|2 MRF
|
| 080 |
|
|
|a 27-585
|2 MRF
|
| 080 |
|
|
|a 27-184
|2 MRF
|
| 080 |
|
|
|a 27-584.5
|2 MRF
|
| 080 |
|
|
|a 27-583
|2 MRF
|
| 080 |
|
|
|a 2-587.7
|2 MRF
|
| 080 |
|
|
|a 2-474-256-277
|2 MRF
|
| 080 |
|
|
|a 2-231
|2 MRF
|
| 080 |
|
|
|a (470+571)
|2 MRF
|
| 080 |
|
|
|a (049)
|2 MRF
|
| 080 |
|
|
|a (0:82-4)
|2 MRF
|
| 100 |
0 |
|
|a Sofronij,
|c archimandrita,
|d 1896-1993
|7 js2005269516
|4 aut
|
| 240 |
1 |
0 |
|a Videt‘ Boga kak On jest‘.
|l Česky
|
| 245 |
1 |
0 |
|a Vidět Boha, jaký je /
|c Archimandrita Sofronij (Sacharov) ; z ruského originálu ... Videt‘ Boga kak On jest‘ ... přeložil Antonín Čížek
|
| 264 |
|
1 |
|a Červený Kostelec :
|b Pavel Mervart,
|c 2017
|
| 300 |
|
|
|a 281 stran ;
|c 20 cm
|
| 336 |
|
|
|a text
|b txt
|2 rdacontent
|
| 337 |
|
|
|a bez média
|b n
|2 rdamedia
|
| 338 |
|
|
|a svazek
|b nc
|2 rdacarrier
|
| 490 |
1 |
|
|a Pro Oriente ;
|v sv. 38.
|a Pravoslavné teologické myšlení ;
|v sv. 1
|
| 504 |
|
|
|a Obsahuje bibliografické odkazy
|
| 600 |
0 |
7 |
|a Sofronij,
|c archimandrita,
|d 1896-1993
|7 js2005269516
|2 czenas
|
| 648 |
|
7 |
|a 19.-20. století
|7 ch757015
|2 czenas
|
| 648 |
|
4 |
|a 1896-1993
|
| 650 |
0 |
7 |
|a pravoslavní mniši
|7 ph262577
|z Rusko
|y 19.-20. století
|2 czenas
|
| 650 |
0 |
7 |
|a duchovní učitelé
|7 ph119637
|z Rusko
|y 19.-20. století
|2 czenas
|
| 650 |
0 |
7 |
|a křesťanští mystici
|7 ph115081
|z Rusko
|y 19.-20. století
|2 czenas
|
| 650 |
0 |
7 |
|a pravoslavné učení
|7 ph307585
|2 czenas
|
| 650 |
0 |
7 |
|a křesťanská mystika
|7 ph138503
|2 czenas
|
| 650 |
0 |
7 |
|a askeze
|7 ph138494
|x křesťanské pojetí
|2 czenas
|
| 650 |
0 |
7 |
|a Bůh a člověk
|7 ph116953
|x křesťanské pojetí
|2 czenas
|
| 650 |
0 |
7 |
|a duchovní cesta
|7 ph119626
|x křesťanské pojetí
|2 czenas
|
| 650 |
0 |
7 |
|a kontemplativní modlitba
|7 ph121816
|x křesťanské pojetí
|2 czenas
|
| 650 |
0 |
7 |
|a duchovní zkušenosti
|7 ph547723
|x křesťanské pojetí
|2 czenas
|
| 650 |
0 |
7 |
|a biblická interpretace
|7 ph118847
|2 czenas
|
| 650 |
0 |
7 |
|a biblické citáty
|7 ph118853
|2 czenas
|
| 650 |
0 |
9 |
|a Orthodox monks
|z Russia
|y 19th-20th centuries
|2 eczenas
|
| 650 |
0 |
9 |
|a spiritual teachers
|z Russia
|y 19th-20th centuries
|2 eczenas
|
| 650 |
0 |
9 |
|a Christian mystics
|z Russia
|y 19th-20th centuries
|2 eczenas
|
| 650 |
0 |
9 |
|a Orthodox doctrine
|2 eczenas
|
| 650 |
0 |
9 |
|a Christian mysticism
|2 eczenas
|
| 650 |
0 |
9 |
|a asceticism
|x Christian approach
|2 eczenas
|
| 650 |
0 |
9 |
|a relations between God and man
|x Christian approach
|2 eczenas
|
| 650 |
0 |
9 |
|a spiritual path
|x Christian approach
|2 eczenas
|
| 650 |
0 |
9 |
|a contemplative prayer
|x Christian approach
|2 eczenas
|
| 650 |
0 |
9 |
|a spiritual experiences
|x Christian approach
|2 eczenas
|
| 650 |
0 |
9 |
|a Biblical interpretation
|2 eczenas
|
| 650 |
0 |
9 |
|a Biblical quotations
|2 eczenas
|
| 655 |
|
7 |
|a pojednání
|7 fd133056
|2 czenas
|
| 655 |
|
7 |
|a úvahy
|7 fd134000
|2 czenas
|
| 655 |
|
9 |
|a essays
|2 eczenas
|
| 700 |
1 |
|
|a Čížek, Antonín,
|d 1963-
|7 osa2016921000
|4 trl
|
| 830 |
|
0 |
|a Pro Oriente (Pavel Mervart).
|p Pravoslavné teologické myšlení
|0 s
|
| 910 |
2 |
|
|a BOA001
|b 1-1409.179
|
| 990 |
|
|
|a BK
|
| 995 |
|
|
|a 01
|
| 996 |
6 |
|
|b 2610744096
|c 1-1409.179
|l MZK
|r Sklad / do 1 hodiny
|n 1
|p p.v.
|w 001664973
|u 000010
|a 1
|e BOA001
|j MZK50
|s P
|